00333nam a2200121Ia 4500008004100000020001400041050001500055100002200070245004100092260004100133300002400174650001300198150202s9999 xx 000 0 und d a373075731 aFIC bFIC  aGarrett, Sibylle. aKnight's corner /cSibylle Garrett. aNew York :bSilhouette Books,c1994. a148 pages :c18 cm. aFiction.